00704nam a2200193Ia 450000500170000000800410001704100080005808200180006610000210008424500260010526000550013130000090018650000400019565000470023570000440028294200070032699900170033395201600035020230425210224.0230125s9999 xx 000 0 und d aeng a658.1599bVAZ aVaze S K9115821 aInternational Finance c2010bSymbiosis centre for distance learningaPune a344p aInternational financial management  aInternational financial management9115476 aVaze S K & Nandini Madan, Donor9115822 cBK c93611d93611 02104070aHIMRbHIMRd2015-06-16eDonated Book- Outside Donarg1.00o658.1599 VAZ DB1972pHIMR-DB-1972r2023-01-25 00:00:00v1.00w2023-01-25yDBzDB1972